书目信息 |
| 题名: |
你是我的
|
|
| 作者: | 敏子 著 | |
| 分册: | ||
| 出版信息: | 北京 大众文艺出版社 2009 |
|
| 页数: | 204页 | |
| 开本: | 21cm | |
| 丛书名: | ||
| 单 册: | ||
| 中图分类: | I247.5 | |
| 科图分类: | ||
| 主题词: | 长篇小说--中国--当代 | |
| 电子资源: | ||
| ISBN: | 978-7-80094-996-8 | |
| 000 | 00645nam0 2200241 45 | |
| 001 | 540393 | |
| 005 | 20100813103803.14 | |
| 010 | @a978-7-80094-996-8@dCNY29.80 | |
| 100 | @a20100515d2009 ekmy0 y0120 ea | |
| 102 | @aCN@b110000 | |
| 102 | @aCN@b130000 | |
| 105 | @ay z 000yy | |
| 200 | 1 | @a你是我的@Ani shi wo de@f敏子著@Fmin zi zhu |
| 205 | @a第3版 | |
| 210 | @a北京@c大众文艺出版社@d2009 | |
| 210 | @c大众文艺@d2002.01 | |
| 215 | @a204页@d21cm | |
| 330 | @a本书是中国当代的长篇小说。 | |
| 606 | 0 | @a长篇小说@y中国@z当代 |
| 690 | @aI247.5@v4 | |
| 701 | 0 | @a敏子@Amin zi@4著 |
| 801 | 0 | @aCN@c20100515 |
| 905 | @dI247.5@eM8003=3@f3 | |
| 你是我的/敏子著.-第3版.-北京:大众文艺出版社,2009.-大众文艺,2002.01 |
| 204页;21cm |
| ISBN 978-7-80094-996-8:CNY29.80 |
| 本书是中国当代的长篇小说。 |
| ● |
| 相关链接 |
|
|
|
正题名:你是我的
索取号:I247.5/M8003=3
 
预约/预借
| 序号 | 登录号 | 条形码 | 馆藏地/架位号 | 状态 | 备注 |
| 1 | 1028436 | 210284360 | 社科二线400B/400B社科库 14排4列4层/ [索取号:I247.5/M8003=3] | 在馆 | |
| 2 | 1028437 | 210284379 | 社科二线400B/400B社科库 19排1列4层/ [索取号:I247.5/M8003=3] | 在馆 | |
| 3 | 1028438 | 210284388 | 文学库108/108文学库 34排2列4层/ [索取号:I247.5/M8003=3] | 在馆 |